|
|
|
|
| LEADER |
00000nab a2200000 a 4500 |
| 001 |
vtls010636553 |
| 003 |
SK-MaSNL |
| 005 |
20260305031817.0 |
| 008 |
141118 2014 xo q 000 0 slo |
| 038 |
|
|
|a PPPK
|
| 040 |
|
|
|a PPPKCL
|b slo
|c PPPK
|e AACR2
|
| 041 |
0 |
|
|a slo
|
| 044 |
|
|
|a xo
|c SK
|
| 080 |
|
|
|a 373.3
|x (437.6)
|2 2001
|
| 080 |
|
|
|a 373.3.011.3-052
|2 2001
|
| 080 |
|
|
|a 06.068
|2 2001
|
| 245 |
0 |
0 |
|a Najlepší žiaci ZŠ v školskom roku 2013/2014
|
| 300 |
|
|
|b Fotogr.
|
| 500 |
|
|
|a Autor a fotograf článku nie sú uvedení.
|
| 648 |
|
7 |
|a 26.6.2014
|2 pppkcl
|9 1216894
|
| 650 |
0 |
7 |
|a základné školy
|2 pppkcl
|9 1280
|
| 650 |
0 |
7 |
|a žiaci
|2 pppkcl
|9 16621
|
| 650 |
0 |
7 |
|a ceny a vyznamenania
|2 pppkcl
|9 73045
|
| 650 |
0 |
7 |
|a školský rok 2013/2014
|2 pppkcl
|9 1093162
|
| 651 |
|
7 |
|a Spišská Belá (Slovensko)
|2 pppkcl
|9 16198
|
| 651 |
|
7 |
|a Kežmarok (Slovensko : okres)
|2 pppkcl
|9 51824
|
| 773 |
0 |
|
|t Spišskobeliansky spravodaj
|g Roč. 12, č. 5 (2014), s. 11
|
| 852 |
|
|
|a PPPK
|b KIS3GCP
|
| 999 |
|
|
|c 3317539
|d 3319469
|